[Event "22nd Bosna it"]
[Site "Sarajevo YUG"]
[Date "1983.04.03"]
[Round "14"]
[White "Osmanovic, Kemal"]
[Black "Dizdar, Goran"]
[Result "0-1"]
[WhiteElo "2375"]
[BlackElo "2455"]
[EventDate "1983.03.19"]
[PlyCount "70"]

1.Nf3 e6 2.d4 c5 3.e4 cxd4 4.Nxd4 Nf6 5.Nc3 d6 6.Be3 Be7 7.f4 O-O 8.g4 Nc6
9.g5 Nd7 10.Nf3 a6 11.Bd3 b5 12.Rg1 Re8 13.Qe2 Bb7 14.Rg3 Rc8 15.Kf2 Bf8 
16.h4 d5 17.e5 d4 18.Nxd4 Ndxe5 19.fxe5 Nxd4 20.Qg4 Nf5 21.Qh3 Nxe3 22.
Kxe3 Rc5 23.Kd2 Rxe5 24.Rf1 b4 25.Kc1 g6 26.Ne2 Qd5 27.Nf4 Qxa2 28.h5 Bg7 
29.Nxg6 hxg6 30.hxg6 fxg6 31.Qh4 Rf5 32.Rxf5 Qxb2+ 33.Kd2 Bc3+ 34.Ke2 
exf5+ 35.Kf2 Be1+ 0-1

[Event "22nd Bosna it"]
[Site "Sarajevo YUG"]
[Date "1983.04.01"]
[Round "12"]
[White "Osmanovic, Kemal"]
[Black "Drasko, Milan"]
[Result "1/2-1/2"]
[WhiteElo "2375"]
[BlackElo "2330"]
[EventDate "1983.03.19"]
[PlyCount "125"]

1.d4 d5 2.Nf3 c6 3.Bf4 Qb6 4.Qc1 Bf5 5.e3 e6 6.c4 Nf6 7.Nc3 Nbd7 8.h3 Be7 
9.Be2 O-O 10.c5 Qd8 11.b4 Qc8 12.O-O Bd8 13.Nh4 Be4 14.f3 Bg6 15.Nxg6 fxg6
16.Bd6 Rf7 17.g4 Bc7 18.e4 Ne8 19.Bxc7 Nxc7 20.e5 Qd8 21.f4 Qh4 22.Qe3 
Raf8 23.Kg2 h6 24.Bd3 g5 25.f5 exf5 26.Bxf5 h5 27.Ne2 g6 28.Bxd7 Rxd7 29.
Rxf8+ Kxf8 30.Rf1+ Rf7 31.Rxf7+ Kxf7 32.Qf3+ Ke8 33.Qf6 hxg4 34.Qxg6+ Ke7 
35.Qf6+ Ke8 36.Qg6+ Ke7 37.Qd6+ Ke8 38.Qg6+ Ke7 39.Qg7+ Ke8 40.Qg8+ Ke7 
41.Qg7+ Ke8 42.Qxc7 gxh3+ 43.Kf3 h2 44.Qc8+ Kf7 45.Qxb7+ Kg8 46.Qc8+ Kg7 
47.Qd7+ Kg8 48.Qe8+ Kg7 49.Qd7+ Kg8 50.Qe6+ Kg7 51.Qf6+ Kh7 52.Qf7+ Kh6 
53.Qf8+ Kh7 54.Qf7+ Kh6 55.Qf6+ Kh7 56.Qf5+ Kh6 57.Ng3 h1=Q+ 58.Nxh1 Qxh1+
59.Ke2 Qg2+ 60.Qf2 Qe4+ 61.Kd2 Qb1 62.Qf6+ Kh5 63.e6 1/2-1/2

[Event "22nd Bosna it"]
[Site "Sarajevo YUG"]
[Date "1983.03.29"]
[Round "10"]
[White "Osmanovic, Kemal"]
[Black "Kelecevic, Nedeljko"]
[Result "1/2-1/2"]
[WhiteElo "2375"]
[BlackElo "2395"]
[EventDate "1983.03.19"]
[PlyCount "33"]

1.d4 Nf6 2.Nf3 e6 3.Bf4 b6 4.e3 Bb7 5.Bd3 Be7 6.h3 O-O 7.O-O c5 8.c3 d6 9.
Nbd2 cxd4 10.cxd4 Ba6 11.Qe2 Bxd3 12.Qxd3 Qc8 13.Rfc1 Qb7 14.a3 Nbd7 15.
Rc2 Rfc8 16.Rac1 Rxc2 17.Rxc2 1/2-1/2

[Event "22nd Bosna it"]
[Site "Sarajevo YUG"]
[Date "1983.03.22"]
[Round "4"]
[White "Osmanovic, Kemal"]
[Black "Lputian, Smbat"]
[Result "0-1"]
[WhiteElo "2375"]
[BlackElo "2495"]
[EventDate "1983.03.19"]
[PlyCount "72"]

1.d4 e6 2.Nf3 Nf6 3.Bf4 d5 4.e3 Bd6 5.Bg3 c5 6.c3 Ne4 7.Bxd6 Qxd6 8.Nbd2 
Nxd2 9.Qxd2 Nc6 10.Rc1 c4 11.Qc2 O-O 12.Be2 b5 13.e4 e5 14.dxe5 Nxe5 15.
Rd1 Bb7 16.Nxe5 Qxe5 17.exd5 Rfe8 18.Rd2 Bxd5 19.O-O Be4 20.Qd1 Rab8 21.a3
h5 22.h3 Qg5 23.f3 Rbd8 24.Rxd8 Rxd8 25.Qc1 Qc5+ 26.Rf2 Bd3 27.Qd2 a5 28.
f4 Re8 29.Bf3 h4 30.Bg4 Re3 31.Kh2 Qe7 32.Bc8 g5 33.Bg4 Kf8 34.Bh5 gxf4 
35.Bf3 Qe5 36.a4 bxa4 0-1

[Event "22nd Bosna it"]
[Site "Sarajevo YUG"]
[Date "1983.03.19"]
[Round "1"]
[White "Smejkal, Jan"]
[Black "Farago, Ivan"]
[Result "1/2-1/2"]
[WhiteElo "2560"]
[BlackElo "2505"]
[EventDate "1983.03.19"]
[PlyCount "32"]

1.c4 Nf6 2.Nc3 e5 3.Nf3 Nc6 4.a3 g6 5.g3 Bg7 6.Bg2 O-O 7.O-O d6 8.d3 Nd4 
9.Nd2 c6 10.b4 d5 11.Bb2 Be6 12.Rc1 Rc8 13.e3 Nf5 14.Na4 Nd7 15.Nb3 dxc4 
16.dxc4 Nb6 1/2-1/2

[Event "22nd Bosna it"]
[Site "Sarajevo YUG"]
[Date "1983.03.26"]
[Round "7"]
[White "Smejkal, Jan"]
[Black "Kurajica, Bojan"]
[Result "1-0"]
[WhiteElo "2560"]
[BlackElo "2510"]
[EventDate "1983.03.19"]
[PlyCount "55"]

1.c4 e5 2.Nc3 Nc6 3.g3 g6 4.Bg2 Bg7 5.d3 f5 6.e4 d6 7.Nge2 Nf6 8.O-O O-O 
9.Nd5 Nh5 10.exf5 Bxf5 11.h3 Be6 12.g4 Nf6 13.Bg5 Ne7 14.d4 Bxd5 15.cxd5 
h6 16.Bxf6 Bxf6 17.dxe5 dxe5 18.Qb3 Kg7 19.Nc3 Nc8 20.Ne4 Be7 21.Rac1 Nb6 
22.Qc3 Nxd5 23.Qxe5+ Kh7 24.Nc5 Bxc5 25.Rxc5 c6 26.Bxd5 Re8 27.Be6 Qe7 28.
Re1 1-0

[Event "22nd Bosna it"]
[Site "Sarajevo YUG"]
[Date "1983.03.28"]
[Round "9"]
[White "Smejkal, Jan"]
[Black "Lputian, Smbat"]
[Result "1/2-1/2"]
[WhiteElo "2560"]
[BlackElo "2495"]
[EventDate "1983.03.19"]
[PlyCount "35"]

1.c4 e6 2.Nf3 Nf6 3.g3 d5 4.d4 dxc4 5.Bg2 c5 6.O-O Nbd7 7.Na3 Be7 8.Nxc4 
O-O 9.Qc2 cxd4 10.Nxd4 Nb6 11.Nxb6 Qxb6 12.Be3 Bc5 13.Nf5 Bxe3 14.Nxe3 Bd7
15.Rfc1 Rac8 16.Qd2 h6 17.Bf3 Bc6 18.Bxc6 1/2-1/2

[Event "22nd Bosna it"]
[Site "Sarajevo YUG"]
[Date "1983.03.23"]
[Round "5"]
[White "Smejkal, Jan"]
[Black "Sveshnikov, Evgeny"]
[Result "1-0"]
[WhiteElo "2560"]
[BlackElo "2505"]
[EventDate "1983.03.19"]
[PlyCount "53"]

1.d4 d5 2.c4 e6 3.Nf3 Nf6 4.Nc3 c6 5.Bg5 dxc4 6.e4 b5 7.e5 h6 8.Bh4 g5 9.
Nxg5 hxg5 10.Bxg5 Nbd7 11.exf6 Bb7 12.g3 c5 13.d5 Qb6 14.Bg2 O-O-O 15.O-O 
b4 16.Na4 Qb5 17.a3 exd5 18.axb4 cxb4 19.Re1 Nc5 20.Re7 Bxe7 21.fxe7 Rdg8 
22.Nxc5 Rxg5 23.Nxb7 Kxb7 24.Qd4 Ra8 25.h4 Rh5 26.g4 Qb6 27.Qxc4 1-0

[Event "22nd Bosna it"]
[Site "Sarajevo YUG"]
[Date "1983.03.20"]
[Round "2"]
[White "Sveshnikov, Evgeny"]
[Black "Kovacevic, Vlatko"]
[Result "1/2-1/2"]
[WhiteElo "2505"]
[BlackElo "2555"]
[EventDate "1983.03.19"]
[PlyCount "198"]

1.d4 Nf6 2.c4 e6 3.g3 d5 4.Nf3 Bb4+ 5.Bd2 Be7 6.Bg2 dxc4 7.Qa4+ Bd7 8.Qxc4
Bc6 9.O-O Bd5 10.Qc2 Nc6 11.Bc3 Be4 12.Qa4 O-O 13.Nbd2 Bg6 14.Nh4 Bh5 15.
Bxc6 bxc6 16.e4 c5 17.dxc5 Bxc5 18.Qc4 Be7 19.f3 Nd7 20.Ng2 Nb6 21.Qb5 Bg6
22.Nf4 Rb8 23.Nxg6 hxg6 24.Nb3 Nd5 25.Qe2 Nxc3 26.bxc3 Qd6 27.Kg2 Qa3 28.
Qc4 a5 29.Rf2 a4 30.Nd4 Qc5 31.Qxa4 Qxc3 32.Nb3 Ra8 33.Qd7 Bd6 34.Rc1 Qe3 
35.Qc6 Ra3 36.Rcc2 Rfa8 37.Rfe2 Qa7 38.e5 Bf8 39.h4 Ra6 40.Qxc7 Qxc7 41.
Rxc7 Rxa2 42.Rxa2 Rxa2+ 43.Kh3 Re2 44.f4 Bb4 45.Nd4 Re3 46.Rc8+ Kh7 47.Kg2
Rc3 48.Rb8 Bc5 49.Nf3 f6 50.Re8 Rc2+ 51.Kh3 Rc3 52.Nd2 f5 53.Nf1 Rc1 54.
Nh2 Rc3 55.Nf1 Rc1 56.Nh2 Rc3 57.Rc8 Bd4 58.Rxc3 Bxc3 59.Nf3 Kg8 60.Ng5 
Kf8 61.Nxe6+ Ke7 62.Ng5 Be1 63.Kg2 Ba5 64.Kf1 Bb4 65.Kg1 Be1 66.Kh2 Bf2 
67.Nh3 Be1 68.Kg2 Ke6 69.Kf3 Ke7 70.Nf2 Kf7 71.Nh1 Ke6 72.Ke2 Ba5 73.Nf2 
Bb6 74.Kf3 Bd8 75.Nh3 Ba5 76.Ke2 Bb4 77.Ng5+ Ke7 78.g4 fxg4 79.Kf2 Bd2 80.
Kg3 Bc1 81.Kxg4 Be3 82.Ne4 Kf7 83.Kg5 Bc1 84.Kg4 Be3 85.Kg5 Bc1 86.Nd6+ 
Ke6 87.Nc4 Kf7 88.Nd6+ Ke6 89.Nb5 Kf7 90.Nc7 Ba3 91.e6+ Ke7 92.Kxg6 Bd6 
93.f5 Bxc7 94.Kxg7 Be5+ 95.Kg8 Bf6 96.h5 Bg5 97.Kg7 Bf6+ 98.Kh7 Kf8 99.h6 
Bd4 1/2-1/2

[Event "22nd Bosna it"]
[Site "Sarajevo YUG"]
[Date "1983.04.05"]
[Round "15"]
[White "Sveshnikov, Evgeny"]
[Black "Osmanovic, Kemal"]
[Result "1/2-1/2"]
[WhiteElo "2505"]
[BlackElo "2375"]
[EventDate "1983.03.19"]
[PlyCount "33"]

1.e4 c5 2.c3 e6 3.d4 d5 4.e5 Qb6 5.Nf3 Bd7 6.a3 Bb5 7.c4 Bxc4 8.Bxc4 dxc4 
9.d5 Ne7 10.Nc3 Nxd5 11.Nxd5 exd5 12.Qxd5 Be7 13.O-O Nc6 14.e6 O-O 15.
exf7+ Rxf7 16.Bg5 Qd8 17.Rad1 1/2-1/2

[Event "22nd Bosna it"]
[Site "Sarajevo YUG"]
[Date "1983.03.20"]
[Round "2"]
[White "Uhlmann, Wolfgang"]
[Black "Bistric, Faruk"]
[Result "1-0"]
[WhiteElo "2505"]
[BlackElo "2325"]
[EventDate "1983.03.19"]
[PlyCount "65"]

1.c4 c5 2.Nf3 Nc6 3.Nc3 e5 4.g3 g6 5.Bg2 Bg7 6.O-O Nge7 7.Ne1 d6 8.Nc2 Be6
9.Ne3 Rb8 10.d3 O-O 11.Ned5 a6 12.a4 h6 13.Bd2 a5 14.f4 f5 15.Kh1 Kh7 16.
Rf2 Nb4 17.Qb3 Qd7 18.Raf1 Rbe8 19.fxe5 dxe5 20.Be3 Qc8 21.Nb5 Bxd5 22.
cxd5 b6 23.Nd6 Qd7 24.Nxe8 Rxe8 25.Bd2 Nexd5 26.e4 Ne7 27.Bxb4 axb4 28.
exf5 gxf5 29.g4 f4 30.Be4+ Kh8 31.Qf7 Rf8 32.Qh5 Rf6 33.Qxe5 1-0

[Event "22nd Bosna it"]
[Site "Sarajevo YUG"]
[Date "1983.03.29"]
[Round "10"]
[White "Uhlmann, Wolfgang"]
[Black "Gligoric, Svetozar"]
[Result "1-0"]
[WhiteElo "2505"]
[BlackElo "2510"]
[EventDate "1983.03.19"]
[PlyCount "117"]

1.c4 c5 2.Nf3 Nf6 3.Nc3 Nc6 4.g3 g6 5.d4 Bg7 6.Bg2 O-O 7.dxc5 Qa5 8.O-O 
Qxc5 9.b3 d6 10.h3 Bd7 11.Bd2 Qb6 12.e4 Rfc8 13.Qe2 e5 14.Rfd1 Nd4 15.Qd3 
Ne8 16.Nxd4 exd4 17.Nd5 Qd8 18.Bc1 Bc6 19.Nf4 Qa5 20.Bb2 b5 21.cxb5 Bxb5 
22.Qd2 Qxd2 23.Rxd2 d3 24.Bxg7 Kxg7 25.Nxd3 Rab8 26.Nb2 Rc5 27.Bf1 Bc6 28.
f3 d5 29.exd5 Bxd5 30.Kf2 Nf6 31.Rad1 Bc6 32.g4 Rc3 33.Nd3 Re8 34.Rc1 Nd5 
35.Rxc3 Nxc3 36.Nb4 Bb5 37.Bxb5 Nxb5 38.a4 Nc3 39.Nc6 a6 40.g5 Re6 41.Nd8 
Re5 42.Rd7 Kf8 43.Nxf7 Re2+ 44.Kg3 Re7 45.Rxe7 Kxe7 46.Ne5 Ne2+ 47.Kg4 Kd6
48.f4 Nd4 49.b4 Kd5 50.h4 Nc2 51.b5 axb5 52.axb5 Ne3+ 53.Kh3 Kd6 54.Ng4 
Nf5 55.Nf6 h6 56.gxh6 Nxh6 57.Ng4 Ng8 58.Ne5 Nf6 59.b6 1-0

[Event "22nd Bosna it"]
[Site "Sarajevo YUG"]
[Date "1983.03.22"]
[Round "4"]
[White "Uhlmann, Wolfgang"]
[Black "Kelecevic, Nedeljko"]
[Result "1/2-1/2"]
[WhiteElo "2505"]
[BlackElo "2395"]
[EventDate "1983.03.19"]
[PlyCount "51"]

1.c4 e6 2.Nc3 d5 3.d4 Nf6 4.Bg5 Nbd7 5.cxd5 exd5 6.e3 c6 7.Bd3 Be7 8.Qc2 
O-O 9.Nf3 Re8 10.O-O Nf8 11.Bxf6 Bxf6 12.b4 a6 13.a4 Bg4 14.Nd2 Rc8 15.Nb3
Be7 16.Nc5 Rc7 17.Bf5 Bxf5 18.Qxf5 Bd6 19.Rfd1 g6 20.Qf3 f5 21.Rab1 Rf7 
22.b5 axb5 23.axb5 Bxc5 24.dxc5 Qe7 25.bxc6 bxc6 26.Rbc1 1/2-1/2